| 000 | 00506nam a22001697a 4500 | ||
|---|---|---|---|
| 005 | 20231030100831.0 | ||
| 008 | 231030b |||||||| |||| 00| 0 eng d | ||
| 020 | _a9780409048391 | ||
| 041 | _aEnglish | ||
| 082 | _a347.6 ZEF | ||
| 100 |
_aZeffertt, DT and A, Paizes _lEnglish |
||
| 245 |
_aEssential Evidence / _cDT Zeffertt and A Paizes |
||
| 260 |
_aDurban : _bLexisNexis, _c2010 |
||
| 300 |
_bxviii, 361 pages ; _c25 cm. |
||
| 650 |
_alegal practice _bLaw |
||
| 942 |
_cBK _6ALISON_BN_VRIES |
||
| 999 |
_c135 _d135 |
||